000 01967nam a22002417a 4500
003 NALT
005 20260210093038.0
008 201102b th ||||| |||| 00| 0 tha d
040 _aNALT
090 _aELR 67/1 2563
100 0 _aสายพินธุ์ จาตุรภัทร์
_946083
245 1 0 _aการสนับสนุนงานด้านวิชาการแก่คณะกรรมาธิการขับเคลื่อนการปฏิรูปประเทศด้านการศึกษา สภาขับเคลื่อนการปฏิรูปประเทศ :
_bกรณีการจัดทำรายงาน เรื่อง การสร้างกลไกประชารัฐระดับพื้นที่เพื่อขับเคลื่อนการปฏิรูปการศึกษาแบบมีส่วนร่วม /
_cสายพินธุ์ จาตุรภัทร์.
246 3 0 _aผลงานหรือผลสำเร็จของงานที่เกิดจากการปฏิบัติงานในตำแหน่งหน้าที่ความรับผิดชอบ
260 _aกรุงเทพฯ :
_bสำนักงานเลขาธิการสภาผู้แทนราษฎร,
_c2563.
300 _a116 หน้า :
_bภาพประกอบ, ตาราง ;
_c29 ซม.
650 0 _aการปฏิรูปการศึกษา
_zไทย
_918920
650 4 _946482
_aการศึกษา
_xการมีส่วนร่วมของประชาชน
653 4 _aกลไกประชารัฐ
850 _aNALT
942 _cIS
_2local
998 _abijaya
_c103
_j111
_k นางสาวพจพิณ พรมเอี่ยม
999 _c97712
_d97712